| 000 | 00606nam a22002057a 4500 | ||
|---|---|---|---|
| 999 |
_c13919 _d13919 |
||
| 003 | AR-CdUCM | ||
| 008 | 190417b ||||| |||| 00| 0 spa d | ||
| 040 |
_aMUNICIPALIDAD PROVINCIAL DEL CUSCO _cBIBLIOTECA MUNICIPAL DEL CUSCO |
||
| 082 |
_a778.7 / _bM14 |
||
| 110 |
_aCuraduria proyecto 3399 _932536 |
||
| 245 | _aMade in Taiwan / | ||
| 260 |
_aLima : _c2011. |
||
| 300 |
_a58 paginas ; _bIlustraciones, _c23 cm. |
||
| 505 | _aContenido : FotografĂas y conceptos | ||
| 650 |
_aCusco _9772 |
||
| 650 |
_aFotografĂa _94511 |
||
| 650 |
_aArte _9561 |
||
| 942 |
_2ddc _cLIBROS |
||
| 945 |
_awnts _d2019-04-17 |
||